LEADER 01165nam2-2200397---450- 001 990003021480203316 005 20071126105730.0 010 $a2-7000-0158-3 035 $a000302148 035 $aUSA01000302148 035 $a(ALEPH)000302148USA01 035 $a000302148 100 $a20071126d1976----km-y0itay50------ba 101 $afre 102 $aFR 105 $a||||||||001yy 200 1 $a<> : Styrsky-Zyw$fE. Benezit 205 $aNouvelle ed. entierement refoundue , revue et corrigee$fsous la direction des heritiers de E. Benezit 210 $aParis$cGrund$dcopyr. 1976 215 $a942 p.$d25 cm 410 0$12001 454 1$12001 461 1$1001000302127$12001 606 0 $aArtisti$xBiografie$xEnciclopedie e dizionari 606 $aIncisori$xEnciclopedie e dizionari 606 0 $aScultori$xEnciclopedie e dizionari 676 $a709.2 700 1$aBENEZIT,$bEmmanuel$0434372 801 0$aIT$bsalbc$gISBD 912 $a990003021480203316 951 $aV A 4 BEN 10$b1386/i DBC$cV A 959 $aBK 969 $aDBC 979 $aDBC$b90$c20071126$lUSA01$h1057 996 $aStyrsky-Zyw$91025306 997 $aUNISA LEADER 01981nam0 22004333i 450 001 VAN0257609 005 20230914111248.919 017 70$2N$a9783642503276 100 $a20230428d1976 |0itac50 ba 101 $aeng 102 $aDE 105 $a|||| ||||| 200 1 $aˆThe ‰Computation of Fixed Points and Applications$fMichael J. Todd 210 $aBerlin$cSpringer$d1976 215 $avii, 129 p.$d24 cm 410 1$1001VAN0032727$12001 $aLecture notes in economics and mathematical systems$1210 $aBerlin$cSpringer$v124 606 $a54-XX$xGeneral topology [MSC 2020]$3VANC020587$2MF 606 $a68Wxx$xAlgorithms in computer science [MSC 2020]$3VANC021296$2MF 606 $a55M20$xFixed-points and coincidences in algebraic topology [MSC 2020]$3VANC021384$2MF 606 $a54C60$xSet-valued maps in general topology [MSC 2020]$3VANC022295$2MF 606 $a54H25$xFixed-point and coincidence theorems (topological aspects) [MSC 2020]$3VANC022297$2MF 606 $a54C05$xContinuous maps [MSC 2020]$3VANC028769$2MF 606 $a91B60$xTrade models [MSC 2020]$3VANC037564$2MF 610 $aComputation$9KW:K 610 $aEconomic growth$9KW:K 610 $aEconomics$9KW:K 610 $aGame Theory$9KW:K 610 $aInvariants$9KW:K 620 $dBerlin$3VANL000066 700 1$aTodd$bMichael J.$3VANV070526$0534957 712 $aSpringer $3VANV108073$4650 801 $aIT$bSOL$c20240614$gRICA 856 4 $uhttps://doi.org/10.1007/978-3-642-50327-6$zE-book ? Accesso al full-text attraverso riconoscimento IP di Ateneo, proxy e/o Shibboleth 899 $aBIBLIOTECA DEL DIPARTIMENTO DI MATEMATICA E FISICA$1IT-CE0120$2VAN08 912 $fN 912 $aVAN0257609 950 $aBIBLIOTECA DEL DIPARTIMENTO DI MATEMATICA E FISICA$d08CONS e-book 5999 $e08eMF5999 20230627 996 $aComputation of fixed points and applications$9911294 997 $aUNICAMPANIA